Pensando la paz en tiempos de posconflicto : horizontes y reflexiones sobre el acuerdo de paz colombiano /

Detalles Bibliográficos
Autor principal: Botero Blandón, Vanesa (Autor)
Otros Autores: Serrano Ávila, Ana María (Editor)
Formato: Electrónico eBook
Lenguaje:español
Publicado: Medellín, Colombia: Tunja, Boyacá, Colombia : Sello Editorial Tecnológico de Antioquia ; Ediciones Universidad de Boyacá, [2022]
Materias:
Acceso en línea:Digitalia Hispánica

MARC

LEADER 00000nam a2200000 i 4500
001 DIGTECANT0006
003 NyNyDIG
007 cr |||||||||||
008 241119s2022 ck ab ob 000 0 spa d
006 m o d
035 |a (OCoLC)1438845631 
040 |a DGITA  |b eng  |e rda  |e pn  |c DGITA 
020 |a 9789588628820  |q digital 
020 |z 9789588628813  |q impreso 
043 |a s-ck--- 
050 1 4 |a JZ5584.C7 ebook 
245 0 0 |a Pensando la paz en tiempos de posconflicto :  |b horizontes y reflexiones sobre el acuerdo de paz colombiano /  |c Vanesa Botero Blandón [and 8 others] ; compiladora, Ana María Serrano Ávila. 
264 1 |a Medellín, Colombia:  |b Sello Editorial Tecnológico de Antioquia ;  |a Tunja, Boyacá, Colombia :  |b Ediciones Universidad de Boyacá,  |c [2022] 
300 |a 1 online resource :  |b illustrations, maps. 
336 |a text  |b txt  |2 rdacontent 
337 |a computer  |b c  |2 rdamedia 
338 |a online resource  |b cr  |2 rdacarrier 
347 |a text file  |2 rdaft 
347 |b PDF 
504 |a Includes bibliographical references. 
588 0 |a Online resource; title from PDF title page (Digitalia, viewed November 19, 2024) 
650 0 |a Peace-building  |z Colombia. 
650 0 |a Transitional justice  |z Colombia. 
630 0 0 |a Acuerdo final para la terminación del conflicto y la construcción de una paz estable y duradera  |d (2016 November 24) 
700 1 |a Botero Blandón, Vanesa,  |e author. 
700 1 |a Serrano Ávila, Ana María,  |e editor. 
791 2 |a Digitalia (Firm),  |e distributor. 
793 0 |g Digitalia eBook Collection:  |a Tecnológico de Antioquia 
776 0 8 |i Print version:  |t Pensando la paz en tiempos de posconflicto.  |d Medellín, Colombia: Sello Editorial Tecnológico de Antioquia ; Tunja, Boyacá, Colombia : Ediciones Universidad de Boyacá, [2022]  |z 9789588628813 
856 4 0 |3 Digitalia Hispánica  |u https://www.digitaliapublishing.com/a/159127/ 
910 |a Premium collection: 2024